| 000 | 00481nam a2200181Ia 4500 | ||
|---|---|---|---|
| 005 | 20250326125634.0 | ||
| 008 | 250326s9999 xx 000 0 und d | ||
| 037 | _aTextbook | ||
| 040 |
_aFMSL _beng _cFMSL |
||
| 041 |
_aeng _2eng |
||
| 084 |
_aX:8 L17 _qFMSL |
||
| 100 |
_aStarbuck W H _9739409 |
||
| 245 | 0 |
_aOrganizational growth _cStarbuck W H |
|
| 260 |
_aUSA _bUSA, Penguin Books _c1971 |
||
| 300 | _a383p | ||
| 942 |
_cTB _hX:8 L17 |
||
| 999 |
_c1278909 _d1278909 |
||